Nghệ thuật làm giàu từ A đến Z
Giới thiệu phương pháp làm giàu, ý nghĩa của việc làm giàu, môi trường làm giàu, bản chất của nhu cầu, bí quyết làm giàu, biến đối thủ thành đối tác, tiêu thụ đúng thị hiếu...
Guardado en:
| Formato: | Libro |
|---|---|
| Lenguaje: | Undetermined |
| Publicado: |
Đà Nẵng
Nhà xuất bản Đà Nẵng
2005
|
| Materias: | |
| Etiquetas: |
Agregar Etiqueta
Sin Etiquetas, Sea el primero en etiquetar este registro!
|
| Thư viện lưu trữ: | Trung tâm Học liệu Trường Đại học Cần Thơ |
|---|
| LEADER | 00874nam a2200193Ia 4500 | ||
|---|---|---|---|
| 001 | CTU_101375 | ||
| 008 | 210402s9999 xx 000 0 und d | ||
| 020 | |c 35000 | ||
| 082 | |a 658.47 | ||
| 082 | |b Ngh250 | ||
| 245 | 0 | |a Nghệ thuật làm giàu từ A đến Z | |
| 245 | 0 | |c Huyền Cơ biên soạn | |
| 260 | |a Đà Nẵng | ||
| 260 | |b Nhà xuất bản Đà Nẵng | ||
| 260 | |c 2005 | ||
| 520 | |a Giới thiệu phương pháp làm giàu, ý nghĩa của việc làm giàu, môi trường làm giàu, bản chất của nhu cầu, bí quyết làm giàu, biến đối thủ thành đối tác, tiêu thụ đúng thị hiếu... | ||
| 650 | |a Business intelligence | ||
| 904 | |i Minh (sửa số pl 658.47/H527 thành 658.47/Ngh250) | ||
| 980 | |a Trung tâm Học liệu Trường Đại học Cần Thơ | ||